<?xml version="1.0" encoding="UTF-8"?>
<collection xmlns="http://www.loc.gov/MARC21/slim">
<record>
  <controlfield tag="001">47095</controlfield>
  <controlfield tag="005">20180808173355.0</controlfield>
  <datafield tag="980" ind1=" " ind2=" ">
    <subfield code="a">preprint</subfield>
  </datafield>
  <datafield tag="970" ind1=" " ind2=" ">
    <subfield code="a">hsb910011687</subfield>
  </datafield>
  <datafield tag="909" ind1="C" ind2="O">
    <subfield code="o">oai:publications.rwth-aachen.de:47095</subfield>
    <subfield code="p">VDB</subfield>
  </datafield>
  <datafield tag="920" ind1="1" ind2=" ">
    <subfield code="0">I:(DE-82)110000_20140620</subfield>
    <subfield code="k">110000</subfield>
    <subfield code="l">Fachgruppe Mathematik</subfield>
    <subfield code="x">0</subfield>
  </datafield>
  <datafield tag="920" ind1="1" ind2=" ">
    <subfield code="0">I:(DE-82)111520_20140620</subfield>
    <subfield code="k">111520</subfield>
    <subfield code="l">Lehr- und Forschungsgebiet Mathematik und Abteilung für Numerische Mathematik</subfield>
    <subfield code="x">1</subfield>
  </datafield>
  <datafield tag="920" ind1="1" ind2=" ">
    <subfield code="0">I:(DE-82)111410_20140620</subfield>
    <subfield code="k">111410</subfield>
    <subfield code="l">Lehrstuhl für Mathematik und Institut für Geometrie und Praktische Mathematik</subfield>
    <subfield code="x">2</subfield>
  </datafield>
  <datafield tag="100" ind1="1" ind2=" ">
    <subfield code="0">P:(DE-82)012345</subfield>
    <subfield code="a">Steiner, Christina</subfield>
    <subfield code="b">0</subfield>
    <subfield code="e">Author</subfield>
  </datafield>
  <datafield tag="245" ind1=" " ind2=" ">
    <subfield code="a">Adaptive timestep control for instationary solutions of the Euler equations</subfield>
    <subfield code="c">Christina Steiner ...</subfield>
    <subfield code="h">print</subfield>
  </datafield>
  <datafield tag="260" ind1=" " ind2=" ">
    <subfield code="a">Aachen</subfield>
    <subfield code="b">RWTH Aachen, Institut für Geometrie und Praktische Mathematik</subfield>
    <subfield code="c">2009</subfield>
  </datafield>
  <datafield tag="300" ind1=" " ind2=" ">
    <subfield code="a">33 S.: graph. Darst.</subfield>
  </datafield>
  <datafield tag="336" ind1="7" ind2=" ">
    <subfield code="a">Preprint</subfield>
    <subfield code="0">PUB:(DE-HGF)25</subfield>
    <subfield code="2">PUB:(DE-HGF)</subfield>
    <subfield code="b">preprint</subfield>
    <subfield code="m">preprint</subfield>
  </datafield>
  <datafield tag="336" ind1="7" ind2=" ">
    <subfield code="a">WORKING_PAPER</subfield>
    <subfield code="2">ORCID</subfield>
  </datafield>
  <datafield tag="336" ind1="7" ind2=" ">
    <subfield code="a">preprint</subfield>
    <subfield code="2">DRIVER</subfield>
  </datafield>
  <datafield tag="336" ind1="7" ind2=" ">
    <subfield code="a">Output Types/Working Paper</subfield>
    <subfield code="2">DataCite</subfield>
  </datafield>
  <datafield tag="336" ind1="7" ind2=" ">
    <subfield code="a">Electronic Article</subfield>
    <subfield code="0">28</subfield>
    <subfield code="2">EndNote</subfield>
  </datafield>
  <datafield tag="336" ind1="7" ind2=" ">
    <subfield code="a">ARTICLE</subfield>
    <subfield code="2">BibTeX</subfield>
  </datafield>
  <datafield tag="490" ind1="0" ind2=" ">
    <subfield code="a">Bericht / Institut für Geometrie und Praktische Mathematik, RWTH Aachen</subfield>
    <subfield code="v">292</subfield>
  </datafield>
  <datafield tag="041" ind1=" " ind2=" ">
    <subfield code="a">English</subfield>
  </datafield>
  <datafield tag="024" ind1="7" ind2=" ">
    <subfield code="2">HSB</subfield>
    <subfield code="a">910011687</subfield>
  </datafield>
  <datafield tag="037" ind1=" " ind2=" ">
    <subfield code="a">RWTH-CONV-007912</subfield>
  </datafield>
  <datafield tag="980" ind1=" " ind2=" ">
    <subfield code="a">I:(DE-82)110000_20140620</subfield>
  </datafield>
  <datafield tag="980" ind1=" " ind2=" ">
    <subfield code="a">I:(DE-82)111520_20140620</subfield>
  </datafield>
  <datafield tag="980" ind1=" " ind2=" ">
    <subfield code="a">I:(DE-82)111410_20140620</subfield>
  </datafield>
  <datafield tag="700" ind1="1" ind2=" ">
    <subfield code="a">Müller, Siegfried</subfield>
    <subfield code="0">P:(DE-82)IDM01810</subfield>
    <subfield code="b">1</subfield>
    <subfield code="e">Author</subfield>
    <subfield code="u">rwth</subfield>
  </datafield>
  <datafield tag="700" ind1="1" ind2=" ">
    <subfield code="a">Noelle, Sebastian</subfield>
    <subfield code="0">P:(DE-82)IDM00086</subfield>
    <subfield code="b">2</subfield>
    <subfield code="e">Author</subfield>
  </datafield>
  <datafield tag="980" ind1=" " ind2=" ">
    <subfield code="a">VDB</subfield>
  </datafield>
  <datafield tag="980" ind1=" " ind2=" ">
    <subfield code="a">UNRESTRICTED</subfield>
  </datafield>
  <datafield tag="980" ind1=" " ind2=" ">
    <subfield code="a">ConvertedRecord</subfield>
  </datafield>
</record>
</collection>